banner-ar

كتاب البدء والتاريخ / (Record no. 65554)

MARC details
000 -الفاتح
حقل البيانات ثابتة الطول 00724nam a2200217Ia 4500
005 - وقت وتاريخ اخر تعامل مع التسجيلة
رقم الضبط 20240530110830.0
008 - عناصر البيانات ثابتة الطول - معلومات عامة
حقل البيانات ثابتة الطول 140319s ua a g b 000 0 ara d
017 ## - رقم الايداع القانونى
المصدر ( الهيئة المختصة) مصر. دار الكتب
040 ## - مصدر الفهرسة
وكالة الفهرسة الأصلية GCL /
وكالة النسخ GCL
082 04 - رقم تصنيف ديوى العشرى
رقم الطبعة 21
رقم التصنيف 240
رقم المادة م ك
100 0# - المدخل الرئيسى - إسم شخصى
الإسم الشخصى مطهر بن طاهر المقدسى
245 10 - بيان العنوان
العنوان كتاب البدء والتاريخ /
بيان المسئوليه,etc مطهر بن طاهر المقدسى
250 ## - بيان الطبعة
بيان الطبعة ط.1
300 ## - الوصف المادى
التعداد 6 اجزاء ؛
أبعاد الوعاء 24 سم
650 04 - المدخل الاضافى بالموضوع-مصطلح موضوعى
مصطلح موضوعي القران
مصدر الرأس أو المصطلح qrmak
التقسيم الفرعي العام تفسير
650 04 - المدخل الاضافى بالموضوع-مصطلح موضوعى
مصطلح موضوعي القران
مصدر الرأس أو المصطلح qrmak
التقسيم الفرعي العام اعجاز
650 04 - المدخل الاضافى بالموضوع-مصطلح موضوعى
مصطلح موضوعي القران
مصدر الرأس أو المصطلح qrmak
التقسيم الفرعي العام سور وايات
651 ## - المدخل الاضافى بالموضوع - اسم جغرافى
مصدر الرأس أو المصطلح qrmak
942 ## - عناصر المدخل الإضافي( كوها)
مصدر التصنيف او مخطط الترفيف Dewey Decimal Classification
Koha [default] item type كتاب
260 ## - PUBLICATION, DISTRIBUTION, ETC. (IMPRINT)
-- القاهرة :
-- مكتبة الثقافة الدينية،
Holdings
حالة التراجع حالة الفقد حالة تلف ليس للاعارة المكان المؤقت الموقع الحالى موقع الترفيف تاريخ الاكتساب اجمالي اﻻعارات رقم الطلب الباركود تاريخ اخر مشاهدة تاريخ تفعيل السعر نوع وعاء كوها
        مكتبة القاهرة الكبرى مكتبة القاهرة الكبرى القاعة الرئيسية 09/10/2019   240 \م ك 166456 09/10/2019 09/10/2019 كتاب
        مكتبة القاهرة الكبرى مكتبة القاهرة الكبرى القاعة الرئيسية 09/10/2019   240 \م ك 166457 09/10/2019 09/10/2019 كتاب
        مكتبة القاهرة الكبرى مكتبة القاهرة الكبرى القاعة الرئيسية 09/10/2019   240 \م ك 166458 09/10/2019 09/10/2019 كتاب
        مكتبة القاهرة الكبرى مكتبة القاهرة الكبرى القاعة الرئيسية 09/10/2019   240 \م ك 166459 09/10/2019 09/10/2019 كتاب
        مكتبة القاهرة الكبرى مكتبة القاهرة الكبرى القاعة الرئيسية 09/10/2019   240 \م ك 166460 09/10/2019 09/10/2019 كتاب
        مكتبة القاهرة الكبرى مكتبة القاهرة الكبرى القاعة الرئيسية 09/10/2019   240 \م ك 166461 09/10/2019 09/10/2019 كتاب

Powered By

EGPV